000 00744nam a22002417a 4500
001 78716
003 UA-OsUOA
005 20230130124134.0
007 ta
008 20111018b un ||||| |||| 00| 0 ukr d
020 _a5319011555
040 _aUA-OsUOA
_bukr
_cUA-OsUOA
_dUA-OsUOA
041 _aukr
080 _a94(477)"1917/1919"
090 _a94(477)"1917/1919"
_bІ-90
245 _aІсторія січових стрільців: воєнно-історичний нарис
260 _aК.
_bУкраїна
_c1992
300 _a347 с.
650 7 _a9 Географія. Біографії. Історія
_2UDC
942 _cBK
_2udc
955 _a2
999 _c365037
_d365037